|
|
|
|
| LEADER |
00000nam0a2200000 4500 |
| 001 |
130285 |
| 005 |
20231031133842.0 |
| 020 |
|
|
|a RU
|b 89-30290ж
|
| 035 |
|
|
|a (RuTPU)RU\TPU\book\141106
|
| 090 |
|
|
|a 130285
|
| 100 |
|
|
|a 20080201a1988 k a0rusy5003 ca
|
| 101 |
0 |
|
|a rus
|
| 102 |
|
|
|a RU
|
| 105 |
|
|
|a a z 001zy
|
| 200 |
1 |
|
|a Системные исследования в геологии
|f под ред. А. Н. Дмитриевского
|
| 210 |
|
|
|a Москва
|c МИНГ
|d 1988
|
| 215 |
|
|
|a 136,[2] с.
|c ил.
|d 22 см
|e Прил. ([3] отд. л. схем.)
|
| 225 |
1 |
|
|a Труды Московского института нефти и газа им. И. М. Губкина
|x 0234-7997
|v Вып. 213
|
| 320 |
|
|
|a Библиогр. в конце ст.
|
| 610 |
1 |
|
|a геология
|
| 610 |
1 |
|
|a истемные исследования
|
| 610 |
1 |
|
|a системные методы
|
| 610 |
1 |
|
|a сборники
|
| 610 |
1 |
|
|a геологическое моделирование
|
| 610 |
1 |
|
|a геокарты
|
| 675 |
|
|
|a 55:001
|z rus
|
| 702 |
|
1 |
|a Дмитриевский
|b А. Н.
|g Анатолий Николаевич
|4 340
|
| 801 |
|
0 |
|a RU
|b RuMRKP
|c 19950417
|g psbo
|
| 801 |
|
1 |
|a RU
|b 63413507
|c 20080201
|g PSBO
|
| 801 |
|
2 |
|a RU
|b 63413507
|c 20090128
|g PSBO
|
| 942 |
|
|
|c BK
|